|
|
|
|
| LEADER |
00000nas a22000001a 4500 |
| 001 |
vtls010302059 |
| 003 |
SK-MaSNL |
| 005 |
20260228162827.0 |
| 008 |
110810d19531958xo zn p r 0 b0slo |
| 015 |
|
|
|a SNBDS17XX9999
|
| 015 |
|
|
|a 1269
|2 Balúnová 1945-60
|
| 038 |
|
|
|a SNKBUDS
|
| 040 |
|
|
|a SNK
|b slo
|c SNK
|e AACR2
|
| 041 |
0 |
|
|a slo
|
| 044 |
|
|
|a xo
|c SK
|
| 080 |
|
|
|a 017.092
|2 2001
|
| 080 |
|
|
|a 027.4
|2 2001
|
| 245 |
0 |
0 |
|a Prírastky Ústrednej technickej knižnice v Bratislave
|
| 260 |
|
|
|a Bratislava
|b Ústredná technická knižnica v Bratislave
|c 1953-1958
|
| 300 |
|
|
|a 6 roč.
|c 29 x 21 cm
|
| 310 |
|
|
|a 2-6x ročne
|
| 362 |
0 |
|
|a Roč. I, č. 1 (1953)-
|
| 500 |
|
|
|a Vych. v Bratislave 2-6x ročne
|
| 500 |
|
|
|a Red. Zostavil: od 1/II (1954) Vladimír Handzo a Imrich Ivančo, od 1/VI (1958) Jaroslava Kiššová
|
| 500 |
|
|
|a Vyd. Ústredná technická knižnica v Bratislave
|
| 500 |
|
|
|a Tlač. Reprodukčné dielne SVŠT v Bratislave, cyklostylom
|
| 500 |
|
|
|a Vych. pre úradnú potrebu priemyselných závodov, ved. výskumu a knihovníckych pracovísk
|
| 505 |
8 |
0 |
|g Roč. I. 1953 4 č. po 67-80 s.
|
| 505 |
8 |
0 |
|g Roč. II. 1954 6 č. 480 s.
|
| 505 |
8 |
0 |
|g Roč. III. 1955 4 č. 320 s.
|
| 505 |
8 |
0 |
|g Roč. IV. 1956 6 č. 480 s.
|
| 505 |
8 |
0 |
|g Roč. V. 1957 4 č. 316 s.
|
| 505 |
8 |
0 |
|g Roč. VI. 1958 2 č. 198 s.
|
| 580 |
|
|
|a V r. 1959 pokračoval ako Výberový zoznam zahraničných noviniek, séria A
|
| 610 |
2 |
7 |
|a Ústredná technická knižnica (Bratislava, Slovensko)
|2 SNKBUDS
|9 195112
|
| 650 |
0 |
7 |
|a technické vedecké knižnice
|2 SNKPH
|9 272233
|
| 650 |
0 |
7 |
|a odborná technická literatúra
|2 SNKPH
|9 272234
|
| 655 |
|
7 |
|a informačné časopisy
|2 SNKBUDS
|9 267527
|
| 700 |
1 |
|
|a Handzo, Vladimír
|4 com
|9 272235
|
| 700 |
1 |
|
|a Ivančo, Imrich,
|d 1926-
|4 com
|9 185349
|
| 700 |
1 |
|
|a Kiššová, Jaroslava
|4 pbd
|9 272236
|
| 710 |
2 |
|
|a Univerzitná technická knižnica v Bratislave
|4 pbl
|9 272237
|
| 710 |
2 |
|
|a Slovenská vysoká škola technická v Bratislave
|4 pbl
|9 124617
|
| 785 |
0 |
0 |
|t Výberový zoznam zahraničných noviniek, séria A
|
| 852 |
|
|
|a SNK
|b 10000
|h ČSB 857
|
| 852 |
|
|
|a UKB
|b 300000
|h SB 2292
|
| 852 |
|
|
|a SVKKK
|b 900000
|h C 245
|
| 852 |
|
|
|a UKB
|b 300000
|h 20 B 2999
|
| 999 |
|
|
|c 8401
|d 10331
|
| 952 |
|
|
|0 0
|1 0
|4 0
|7 0
|8 1
|a SNK
|b SNK
|d 2024-11-14
|i snkD 1541/82
|l 0
|o snkČSB 857/3/1955 D1
|p 17A1317754
|r 2026-02-21 19:46:44
|t č. 1-6
|w 2026-02-21
|y PREZ
|